000
00225nam a22000977a 4500
040
_c
FIZZA ISHAQ
082
_a
616.89
_b
LEE
100
_a
HOFF,ANN LEE.
_9
133684
245
_a
PEOPLE IN CRISIS /
_c
LEE ANN HOFF.
942
_2
ddc
_c
BK
999
_c
616648
_d
616648